Návrh stratégie podpory rastu zamestnanosti ...
Návrh stratégie podpory rastu zamestnanosti na základe reformy sociálneho systému a trhu práce. Analýza súčasnej situácie. Vývoj v oblasti sociálnej pomoci a štátnej sociálnej podpory. Podpora zamestnanosti. Nástroje realizácie stratégie.
Salvato in:
| Natura: | Capitolo di libro |
|---|---|
| Lingua: | slovacco |
| Soggetti: | |
| Tags: |
Nessun Tag, puoi essere il primo ad aggiungerne!!
|
MARC
| LEADER | 00000naa a2200000 4500 | ||
|---|---|---|---|
| 001 | r048470 | ||
| 005 | 20230927071535.8 | ||
| 041 | 0 | |a slo | |
| 044 | |a SK | ||
| 245 | 1 | 0 | |a Návrh stratégie podpory rastu zamestnanosti ... |
| 520 | |a Návrh stratégie podpory rastu zamestnanosti na základe reformy sociálneho systému a trhu práce. Analýza súčasnej situácie. Vývoj v oblasti sociálnej pomoci a štátnej sociálnej podpory. Podpora zamestnanosti. Nástroje realizácie stratégie. | ||
| 610 | 2 | 0 | |a zamestnanosť |
| 610 | 2 | 0 | |a trh práce |
| 610 | 2 | 0 | |a systémy sociálne |
| 610 | 2 | 0 | |a podpory |
| 610 | 2 | 0 | |a reformy sociálne |